000 00513nam a2200193Ia 4500
005 20250326143204.0
008 250326s9999 xx 000 0 und d
037 _aTextbook
040 _aFMSL
_beng
_cFMSL
041 _aeng
_2eng
084 _aX:8 P3
_qFMSL
100 _aHartley R F
_9747336
245 0 _aManagement mistakes and successes
_cHartley R F
250 _aEd 7
260 _aUSA
_bUSA, John Wiley & Sons
_c2003
300 _a365p
942 _cTB
_hX:8 P3
999 _c1298510
_d1298510